000
00222nam a22000977a 4500
082
_a
508 AMA'
245
_a
THE AMAZING WORLD OF NATURE
260
_a
LONDON
_b
READER DIGEST ASSOCIATION
_c
1969
300
_a
317P
942
_c
BK
999
_c
581982
_d
581982